Wikipedia- Every 3rd Word. Quiz Stats

Quiz not verified by Sporcle

Challenge
Share
Tweet
Only exact article titles are accepted, meaning just last names or alternate spellings are not accepted.
Score 0/30 Timer 10:00
0 Plays Today
New Phrase Object/Place/Person % Correct
leaf characteristic the and most national CanadaMaple leaf
64.9%
is largest hamburger restaurants than customersMcDonalds
64.9%
Mahal mausoleum AgraTaj Mahal
52.6%
a belonging Kraft a gelatin fruit and piesJell-O
49.1%
'Bobby' an chef realityBobby Flay
43.9%
Patrick American driver in Series NASCAR as a advertisingDanica Patrick
43.9%
Trump American heiress modelIvanka Trump
42.1%
is flightless toOstrich
38.6%
dinner prepackaged chilled usually anTV dinner
36.8%
van a painter had influence century its andVincent van Gogh
35.1%
one species creatures pokemon a video manga cards media Satoshi.Pikachu
33.3%
is instrumental contains string andOrchestra
33.3%
is country south-western comprising landmasses smallerNew Zealand
33.3%
is monarch independent known Commonwealth United Australia Jamaica Bahamas Papua the Tuvalu Saint the Antigua and andElizabeth II
31.6%
a tea drinks owned Pepper and PlanoSnapple
29.8%
New Phrase Object/Place/Person % Correct
the weathering of the or and elsewhereErosion
29.8%
is machine sequentially carry sequence orComputer
28.1%
a fruit-flavored produced by Wrigley a MarsSkittles (confectionery)
28.1%
Hewson known stage is singer humanitarian for main the bandBono
24.6%
is public headquarted Washington develops and wide products predominantly computing variousMicrosoft
24.6%
a a correction created with manufactured BICWite-Out
22.8%
substances the affect caused growth smell bacterial perspiration feet areas bodyDeodorant
22.8%
religion way of peopleJudaism
21.1%
House official principal the theThe White House
17.5%
bobsled winter which two make runs twisting tracks gravity-powered are calculate scoreBobsleigh
17.5%
a Oceania of in PacificMicronesia
14%
a website July which a limit to of within subject Presidents USA ofSporcle
14%
is name America related cheese theSwiss Cheese
10.5%
commonly or a exchanging from to moreEmail
7%
is of designed marketed Inc.iPad
5.3%

You're not logged in!

Compare scores with friends on all Sporcle quizzes.
Join for Free
OR
Log In

You Might Also Like...

Show Comments

Extras

Top Quizzes Today


Score Distribution

Your Account Isn't Verified!

In order to create a playlist on Sporcle, you need to verify the email address you used during registration. Go to your Sporcle Settings to finish the process.

Report this User

Report this user for behavior that violates our Community Guidelines.

Details: